000 00630nam a2200217 a 4500
001 BRCA_2556
005 20190320203850.0
008 261108s1933----enka---###---#000-0#eng-u
050 4 _aNK4085
_b.H66 1946
100 1 _aHoney, William Bowyer
_97317
245 1 0 _aEnglish pottery and porcelain
_cby William Bowyer Honey.
260 _aLondon
_bA & C Black
_c1946
300 _a270 p.
_bil.
_c23 cm.
440 0 _aThe library of English art
_97318
500 _aIncluye índice alfabético.
500 _aA36
650 1 4 _aCerámica
_zInglaterra
_97319
650 1 4 _aPorcelana
_zInglaterra
_97320
902 _aGFM
942 _2lcc
_cB
999 _c2296
_d2296